Carpintería metálica: de acero laminado en caliente y de acero inoxidable plegado en prensa
Uloženo v:
| Hlavní autor: | |
|---|---|
| Médium: | Kniha |
| Jazyk: | španělština |
| Vydáno: |
Barcelona
Gustavo Gili
1967
|
| Témata: | |
| Tagy: |
Přidat tag
Žádné tagy, Buďte první, kdo vytvoří štítek k tomuto záznamu!
|
MARC
| LEADER | 00000nam a2200000 a 4500 | ||
|---|---|---|---|
| 001 | UCV9376 | ||
| 003 | CL-VaPUC | ||
| 008 | 920825e19670000SP |||||||||||||||||spa|d | ||
| 082 | 0 | 4 | |a 672.3 |b VIG |2 21 |
| 100 | 0 | |a Vigla, P |e author |9 303382 | |
| 245 | 1 | 0 | |a Carpintería metálica: de acero laminado en caliente y de acero inoxidable plegado en prensa |
| 300 | |a 197 p | ||
| 942 | |c BK | ||
| 945 | |d 19920825 00:00:00 | ||
| 260 | |a Barcelona |b Gustavo Gili |c 1967 | ||
| 650 | 7 | |a TRABAJOS EN METAL |2 CL-VaPUC |9 268048 | |
| 583 | |a last modification |c 19920825 00:00:00 |k Rodrigo Vera | ||
| 999 | |c 214723 |d 214721 | ||
| 952 | |0 0 |1 0 |4 0 |6 672_300000000000000_VIG_1967 |7 0 |8 A |9 198392 |a BIBARQ |b BIBARQ |d 2019-11-14 |i 2658674 |o 672.3 VIG 1967 |p 2658674 |r 2025-01-20 |w 2019-11-14 |y BK |k ARQ | ||